[Event "RUS-chT Men Rapid 2019"]
[Site "Sochi"]
[Date "2019.10.19"]
[Round "6.21"]
[White "Yudin, Sergei"]
[Black "Shcherbin, Matvei"]
[Result "1-0"]
[WhiteElo "2497"]
[BlackElo "2366"]
[Annotator "ChessBase"]
[PlyCount "81"]
[EventDate "2019.10.18"]
[EventType "swiss"]
[EventCountry "RUS"]
[SourceTitle "playchess.com"]
[Source "ChessBase"]
[SourceQuality "1"]
[TimeControl "900+10"]

1. e4 {[%emt 0:00:00]} c5 {[%emt 0:00:00]} 2. Nf3 {[%emt 0:00:00]} e6 {[%emt 0:00:00]} 3. c3 {[%emt 0:00:20]} d5 {[%emt 0:00:09]} 4. exd5 {[%emt 0:00:09]} Qxd5 {[%emt 0:00:06]} 5. Na3 {[%emt 0:00:06]} Nf6 {[%emt 0:00:45]} 6. d4 {[%emt 0:02:30]} cxd4 {[%emt 0:01:22]} 7. Nb5 {[%emt 0:00:08]} Na6 {[%emt 0:00:02]} 8. Qxd4 {[%emt 0:01:44]} Bc5 {[%emt 0:00:40]} 9. Qxd5 {[%emt 0:00:08]} Nxd5 {[%emt 0:00:05]} 10. Bc4 {[%emt 0:00:02]} Nb6 {[%emt 0:02:26]} 11. Be2 {[%emt 0:00:15]} O-O {[%emt 0:00:21]} 12. O-O {[%emt 0:01:18]} f6 {[%emt 0:00:37]} 13. a4 {[%emt 0:00:30]} e5 {[%emt 0:00:16]} 14. Nd2 {[%emt 0:01:46]} Be6 {[%emt 0:00:37]} 15. Bf3 {[%emt 0:00:02]} Bd5 {[%emt 0:00:36]} 16. Bxd5+ {[%emt 0:00:08]} Nxd5 {[%emt 0:00:01]} 17. Ne4 {[%emt 0:00:06]} Rfd8 {[%emt 0:00:29]} 18. c4 {[%emt 0:03:19]} Ndb4 {[%emt 0:01:15]} 19. Nxc5 {[%emt 0:00:11]} Nxc5 {[%emt 0:00:02]} 20. Be3 {[%emt 0:00:02]} Ncd3 {[%emt 0:03:41]} 21. b3 {[%emt 0:01:12]} a6 {[%emt 0:00:14]} 22. Nc3 {[%emt 0:00:15]} f5 {[%emt 0:02:06]} 23. Rad1 {[%emt 0:00:12]} Nb2 {[%emt 0:00:52]} 24. Rb1 {[%emt 0:00:39]} N2d3 {[%emt 0:00:05]} 25. Rfd1 {[%emt 0:00:19]} e4 {[%emt 0:00:07]} 26. f3 {[%emt 0:01:45]} exf3 {[%emt 0:00:51]} 27. gxf3 {[%emt 0:00:02]} Re8 {[%emt 0:00:01]} 28. Bb6 {[%emt 0:00:02]} Re6 {[%emt 0:00:16]} 29. a5 {[%emt 0:00:02]} Rae8 {[%emt 0:00:07]} 30. Nd5 {[%emt 0:00:34]} Re2 {[%emt 0:00:44]} 31. Nxb4 {[%emt 0:00:03]} Nxb4 {[%emt 0:00:01]} 32. Rd7 {[%emt 0:00:01]} R8e7 {[%emt 0:00:01]} 33. Rxe7 {[%emt 0:00:12]} Rxe7 {[%emt 0:00:08]} 34. Bc5 {[%emt 0:00:03]} Nc6 {[%emt 0:00:24]} 35. Bxe7 {[%emt 0:00:01]} Nxe7 {[%emt 0:00:01]} 36. b4 {[%emt 0:01:34]} Nc6 {[%emt 0:00:01]} 37. b5 {[%emt 0:00:01]} Nxa5 {[%emt 0:00:04]} 38. c5 {[%emt 0:00:02]} Kf7 {[%emt 0:00:17]} 39. c6 {[%emt 0:00:04]} bxc6 {[%emt 0:01:29]} 40. bxa6 {[%emt 0:00:02]} Nc4 {[%emt 0:00:03]} 41. a7 {[%emt 0:00:04]} 1-0

[Event "RUS-chT Men Rapid 2019"]
[Site "Sochi"]
[Date "2019.10.19"]
[Round "6.22"]
[White "Eraschenkov, Denis"]
[Black "Khegay, Dmitriy"]
[Result "0-1"]
[WhiteElo "2382"]
[BlackElo "2509"]
[Annotator "ChessBase"]
[PlyCount "122"]
[EventDate "2019.10.18"]
[EventType "swiss"]
[EventCountry "RUS"]
[SourceTitle "playchess.com"]
[Source "ChessBase"]
[SourceQuality "1"]
[TimeControl "900+10"]

1. Nf3 {[%emt 0:00:00]} d5 {[%emt 0:00:00]} 2. c4 {[%emt 0:00:00]} c6 {[%emt 0:00:00]} 3. e3 {[%emt 0:00:00]} e6 {[%emt 0:00:04]} 4. b3 {[%emt 0:00:07]} f5 {[%emt 0:00:02]} 5. Bb2 {[%emt 0:00:10]} Nf6 {[%emt 0:00:01]} 6. g3 {[%emt 0:01:13]} Bd6 {[%emt 0:00:04]} 7. Bg2 {[%emt 0:00:02]} O-O {[%emt 0:00:13]} 8. O-O {[%emt 0:00:02]} Nbd7 {[%emt 0:00:08]} 9. Nd4 {[%emt 0:01:24]} Qe7 {[%emt 0:00:19]} 10. cxd5 {[%emt 0:00:06]} Nxd5 {[%emt 0:00:55]} 11. d3 {[%emt 0:00:58]} Nc7 {[%emt 0:01:57]} 12. Nd2 {[%emt 0:00:37]} e5 {[%emt 0:00:27]} 13. N4f3 {[%emt 0:01:52]} Nb6 {[%emt 0:01:27]} 14. e4 {[%emt 0:00:39]} f4 {[%emt 0:02:06]} 15. d4 {[%emt 0:01:12]} exd4 {[%emt 0:00:01]} 16. Nxd4 {[%emt 0:00:30]} Be5 {[%emt 0:00:36]} 17. Qc2 {[%emt 0:00:40]} Bg4 {[%emt 0:02:07]} 18. h3 {[%emt 0:03:48]} Rad8 {[%emt 0:01:08]} 19. Nxc6 {[%emt 0:02:58]} bxc6 {[%emt 0:00:03]} 20. Bxe5 {[%emt 0:00:09]} Qxe5 {[%emt 0:00:02]} 21. hxg4 {[%emt 0:00:01]} fxg3 {[%emt 0:00:43]} 22. Nc4 {[%emt 0:00:15]} Qf4 {[%emt 0:00:36]} 23. fxg3 {[%emt 0:00:33]} Qxg3 {[%emt 0:00:11]} 24. Rxf8+ {[%emt 0:00:19]} Rxf8 {[%emt 0:00:02]} 25. Rf1 {[%emt 0:00:10]} Rxf1+ {[%emt 0:01:54]} 26. Kxf1 {[%emt 0:00:01]} Qf4+ {[%emt 0:02:17]} 27. Kg1 {[%emt 0:00:19]} Nd7 {[%emt 0:00:45]} 28. Qd1 {[%emt 0:00:13]} Nf8 {[%emt 0:00:31]} 29. e5 {[%emt 0:00:06]} c5 {[%emt 0:00:11]} 30. Qf3 {[%emt 0:00:51]} Qxf3 {[%emt 0:00:42]} 31. Bxf3 {[%emt 0:00:01]} Kf7 {[%emt 0:00:01]} 32. Kf2 {[%emt 0:00:25]} Ke6 {[%emt 0:00:08]} 33. Ke3 {[%emt 0:00:15]} Nd7 {[%emt 0:00:07]} 34. Be4 {[%emt 0:00:15]} g6 {[%emt 0:00:01]} 35. Kf4 {[%emt 0:00:02]} Nb5 {[%emt 0:00:08]} 36. g5 {[%emt 0:00:06]} Nc3 {[%emt 0:00:13]} 37. Bf3 {[%emt 0:00:16]} Nxa2 {[%emt 0:00:09]} 38. Bg4+ {[%emt 0:00:01]} Ke7 {[%emt 0:00:01]} 39. Nd6 {[%emt 0:00:16]} Nb6 {[%emt 0:00:04]} 40. Ne4 {[%emt 0:00:12]} c4 {[%emt 0:00:16]} 41. bxc4 {[%emt 0:00:11]} Nxc4 {[%emt 0:00:00]} 42. Nf6 {[%emt 0:00:02]} Nb4 {[%emt 0:00:03]} 43. Be2 {[%emt 0:00:08]} Nb6 {[%emt 0:00:11]} 44. Nxh7 {[%emt 0:00:05]} a5 {[%emt 0:00:01]} 45. Bd1 {[%emt 0:00:25]} N4d5+ {[%emt 0:00:28]} 46. Kf3 {[%emt 0:00:04]} a4 {[%emt 0:00:41]} 47. Nf6 {[%emt 0:00:07]} a3 {[%emt 0:00:02]} 48. Bb3 {[%emt 0:00:05]} Nb4 {[%emt 0:00:27]} 49. Ne4 {[%emt 0:00:33]} Nd7 {[%emt 0:00:09]} 50. e6 {[%emt 0:00:14]} Nf8 {[%emt 0:00:05]} 51. Nc3 {[%emt 0:00:11]} Nxe6 {[%emt 0:00:04]} 52. Kg4 {[%emt 0:00:02]} Nd4 {[%emt 0:00:11]} 53. Bc4 {[%emt 0:00:09]} Kd6 {[%emt 0:00:09]} 54. Bf7 {[%emt 0:00:19]} Ke5 {[%emt 0:00:18]} 55. Bg8 {[%emt 0:00:14]} Ne6 {[%emt 0:00:11]} 56. Bf7 {[%emt 0:00:03]} Nf4 {[%emt 0:00:03]} 57. Bg8 {[%emt 0:00:20]} Nfd5 {[%emt 0:00:05]} 58. Bxd5 {[%emt 0:00:12]} Nxd5 {[%emt 0:00:01]} 59. Na2 {[%emt 0:00:03]} Ke4 {[%emt 0:00:15]} 60. Kg3 {[%emt 0:00:07]} Kd3 {[%emt 0:00:19]} 61. Kf3 {[%emt 0:00:04]} Kc2 {[%emt 0:00:02]} 0-1

[Event "RUS-chT Men Rapid 2019"]
[Site "Sochi"]
[Date "2019.10.19"]
[Round "6.23"]
[White "Pogromsky, Mikhail"]
[Black "Keosidi, Konstantin"]
[Result "1/2-1/2"]
[WhiteElo "2411"]
[BlackElo "2400"]
[Annotator "NA"]
[PlyCount "114"]
[EventDate "2019.10.18"]
[EventType "swiss"]
[EventCountry "RUS"]
[SourceTitle "playchess.com"]
[Source "ChessBase"]
[SourceQuality "1"]
[TimeControl "900+10"]

1. d4 {[%emt 0:00:00]} d5 {[%emt 0:00:00]} 2. c4 {[%emt 0:00:00]} e6 {[%emt 0:00:00]} 3. Nf3 {[%emt 0:00:00]} dxc4 {[%emt 0:00:00]} 4. e3 {[%emt 0:01:12]} c5 {[%emt 0:00:03]} 5. Bxc4 {[%emt 0:00:06]} cxd4 {[%emt 0:00:03]} 6. Nxd4 {[%emt 0:00:31]} Nf6 {[%emt 0:00:33]} 7. O-O {[%emt 0:00:12]} a6 {[%emt 0:00:37]} 8. Nc3 {[%emt 0:00:20]} b5 {[%emt 0:04:35]} 9. Be2 {[%emt 0:00:40]} Bb7 {[%emt 0:00:11]} 10. Bf3 {[%emt 0:00:05]} Nd5 {[%emt 0:01:25]} 11. a4 {[%emt 0:04:33]} b4 {[%emt 0:00:15]} 12. Nxd5 {[%emt 0:00:05]} Bxd5 {[%emt 0:00:04]} 13. e4 {[%emt 0:01:37]} Bb7 {[%emt 0:00:14]} 14. Nb3 {[%emt 0:00:38]} Nc6 {[%emt 0:02:10]} 15. e5 {[%emt 0:01:13]} Qc7 {[%emt 0:00:14]} 16. Bf4 {[%emt 0:01:19]} Be7 {[%emt 0:00:40]} 17. Rc1 {[%emt 0:00:04]} Rc8 {[%emt 0:00:23]} 18. Nd4 {[%emt 0:00:37]} Qd7 {[%emt 0:00:54]} 19. Nxc6 {[%emt 0:00:31]} Bxc6 {[%emt 0:00:04]} 20. Rxc6 {[%emt 0:00:09]} Rxc6 {[%emt 0:00:13]} 21. Bxc6 {[%emt 0:00:01]} Qxc6 {[%emt 0:00:02]} 22. Qg4 {[%emt 0:00:03]} g5 {[%emt 0:01:41]} 23. Be3 {[%emt 0:01:26]} Qxa4 {[%emt 0:00:55]} 24. h4 {[%emt 0:00:37]} h6 {[%emt 0:01:39]} 25. Rc1 {[%emt 0:00:11]} Qd7 {[%emt 0:00:25]} 26. Qc4 {[%emt 0:00:43]} O-O {[%emt 0:00:49]} 27. hxg5 {[%emt 0:00:17]} hxg5 {[%emt 0:00:06]} 28. Qg4 {[%emt 0:00:12]} Qd3 {[%emt 0:00:15]} 29. Rc7 {[%emt 0:01:02]} Qb1+ {[%emt 0:00:26]} 30. Kh2 {[%emt 0:00:05]} Bd8 {[%emt 0:00:09]} 31. Rc4 {[%emt 0:00:11]} Qf5 {[%emt 0:00:19]} 32. Qxf5 {[%emt 0:00:22]} exf5 {[%emt 0:00:00]} 33. Rxb4 {[%emt 0:00:04]} Bc7 {[%emt 0:00:18]} 34. f4 {[%emt 0:00:21]} gxf4 {[%emt 0:00:10]} 35. Bxf4 {[%emt 0:00:01]} f6 {[%emt 0:00:07]} 36. exf6 {[%emt 0:00:26]} Bxf4+ {[%emt 0:00:01]} 37. Rxf4 {[%emt 0:00:01]} Rxf6 {[%emt 0:00:00]} 38. Rb4 {[%emt 0:00:29]} Kf7 {[%emt 0:00:33]} 39. Kg3 {[%emt 0:00:02]} Kg6 {[%emt 0:00:01]} 40. Kf3 {[%emt 0:00:06]} Kg5 {[%emt 0:00:06]} 41. Rb8 {[%emt 0:00:06]} Rc6 {[%emt 0:00:21]} 42. Rg8+ {[%emt 0:00:16]} Kf6 {[%emt 0:00:02]} 43. Rh8 {[%emt 0:00:04]} Ke5 {[%emt 0:00:04]} 44. Re8+ {[%emt 0:00:03]} Kf6 {[%emt 0:00:01]} 45. Re2 {[%emt 0:00:18]} Rb6 {[%emt 0:00:06]} 46. Rc2 {[%emt 0:00:01]} Ke5 {[%emt 0:00:05]} 47. Rc5+ {[%emt 0:00:02]} Kf6 {[%emt 0:00:04]} 48. Rc2 {[%emt 0:00:02]} Ke5 {[%emt 0:00:01]} 49. Re2+ {[%emt 0:00:01]} Kf6 {[%emt 0:00:05]} 50. Kf2 {[%emt 0:00:03]} Rb3 {[%emt 0:00:04]} 51. Ke1 {[%emt 0:00:05]} f4 {[%emt 0:00:10]} 52. Rc2 {[%emt 0:00:06]} Kf5 {[%emt 0:00:06]} 53. Kf2 {[%emt 0:00:02]} Kg4 {[%emt 0:00:05]} 54. Rd2 {[%emt 0:00:02]} a5 {[%emt 0:00:03]} 55. Rc2 {[%emt 0:00:01]} a4 {[%emt 0:00:09]} 56. Rd2 {[%emt 0:00:02]} a3 {[%emt 0:00:19]} 57. bxa3 {[%emt 0:00:01]} Rxa3 {[%emt 0:00:00]} 1/2-1/2

[Event "RUS-chT Men Rapid 2019"]
[Site "Sochi"]
[Date "2019.10.19"]
[Round "6.24"]
[White "Dianov, Alexey"]
[Black "Ozgibcev, Anatoly"]
[Result "1-0"]
[WhiteElo "2158"]
[BlackElo "2367"]
[Annotator "NA"]
[PlyCount "113"]
[EventDate "2019.10.18"]
[EventType "swiss"]
[EventCountry "RUS"]
[SourceTitle "playchess.com"]
[Source "ChessBase"]
[SourceQuality "1"]
[TimeControl "900+10"]

1. e4 {[%emt 0:00:00]} e5 {[%emt 0:00:00]} 2. Nf3 {[%emt 0:00:00]} Nc6 {[%emt 0:00:00]} 3. Nc3 {[%emt 0:00:00]} Nf6 {[%emt 0:00:11]} 4. d4 {[%emt 0:00:00]} Bb4 {[%emt 0:01:44]} 5. Nxe5 {[%emt 0:00:07]} Nxe4 {[%emt 0:00:23]} 6. Qg4 {[%emt 0:00:05]} Nxc3 {[%emt 0:00:10]} 7. Qxg7 {[%emt 0:00:05]} Rf8 {[%emt 0:00:21]} 8. a3 {[%emt 0:00:09]} Ba5 {[%emt 0:02:04]} 9. Nxc6 {[%emt 0:00:13]} dxc6 {[%emt 0:00:03]} 10. Qe5+ {[%emt 0:00:01]} Qe7 {[%emt 0:00:02]} 11. Qxe7+ {[%emt 0:00:02]} Kxe7 {[%emt 0:00:02]} 12. Bd2 {[%emt 0:00:01]} Bf5 {[%emt 0:00:08]} 13. Bxc3 {[%emt 0:00:07]} Bxc3+ {[%emt 0:00:07]} 14. bxc3 {[%emt 0:00:02]} Bxc2 {[%emt 0:00:02]} 15. Kd2 {[%emt 0:00:51]} Bg6 {[%emt 0:00:10]} 16. h4 {[%emt 0:00:22]} Kd6 {[%emt 0:01:11]} 17. Re1 {[%emt 0:02:00]} Rae8 {[%emt 0:00:20]} 18. Bc4 {[%emt 0:00:29]} Rxe1 {[%emt 0:00:37]} 19. Rxe1 {[%emt 0:00:02]} c5 {[%emt 0:00:22]} 20. g4 {[%emt 0:01:33]} h6 {[%emt 0:00:17]} 21. f4 {[%emt 0:02:37]} cxd4 {[%emt 0:00:23]} 22. cxd4 {[%emt 0:00:04]} Bh7 {[%emt 0:06:25]} 23. Re5 {[%emt 0:02:48]} Rg8 {[%emt 0:00:35]} 24. Be2 {[%emt 0:01:19]} Bg6 {[%emt 0:01:01]} 25. f5 {[%emt 0:00:46]} Bh7 {[%emt 0:00:27]} 26. Ke3 {[%emt 0:02:06]} Rf8 {[%emt 0:00:09]} 27. f6 {[%emt 0:00:36]} Bg6 {[%emt 0:00:17]} 28. Re7 {[%emt 0:00:26]} a6 {[%emt 0:00:26]} 29. h5 {[%emt 0:00:45]} Bh7 {[%emt 0:00:02]} 30. Bc4 {[%emt 0:00:05]} Bg8 {[%emt 0:00:02]} 31. Kf4 {[%emt 0:00:17]} b5 {[%emt 0:00:05]} 32. Bb3 {[%emt 0:00:08]} c5 {[%emt 0:00:32]} 33. dxc5+ {[%emt 0:00:07]} Kxc5 {[%emt 0:00:01]} 34. g5 {[%emt 0:00:19]} hxg5+ {[%emt 0:00:02]} 35. Kxg5 {[%emt 0:00:01]} a5 {[%emt 0:00:17]} 36. Re5+ {[%emt 0:00:43]} Kb6 {[%emt 0:00:24]} 37. Kh6 {[%emt 0:00:01]} Rc8 {[%emt 0:00:44]} 38. Re3 {[%emt 0:00:43]} a4 {[%emt 0:00:31]} 39. Ba2 {[%emt 0:00:38]} Rc2 {[%emt 0:00:08]} 40. Kg7 {[%emt 0:00:17]} Rxa2 {[%emt 0:00:26]} 41. Kxg8 {[%emt 0:00:01]} Rh2 {[%emt 0:00:01]} 42. Kxf7 {[%emt 0:00:32]} Rxh5 {[%emt 0:00:02]} 43. Kg6 {[%emt 0:00:06]} Rh8 {[%emt 0:00:19]} 44. Kg7 {[%emt 0:00:08]} Rh1 {[%emt 0:00:08]} 45. Re6+ {[%emt 0:00:01]} Kc5 {[%emt 0:00:03]} 46. f7 {[%emt 0:00:01]} Rf1 {[%emt 0:00:18]} 47. Rf6 {[%emt 0:00:14]} Rg1+ {[%emt 0:00:02]} 48. Rg6 {[%emt 0:00:09]} Rf1 {[%emt 0:00:02]} 49. Rg4 {[%emt 0:00:14]} b4 {[%emt 0:00:06]} 50. Rxb4 {[%emt 0:00:05]} Rg1+ {[%emt 0:00:01]} 51. Kf8 {[%emt 0:00:01]} Kd6 {[%emt 0:00:23]} 52. Rxa4 {[%emt 0:00:08]} Kd7 {[%emt 0:00:09]} 53. Rd4+ {[%emt 0:00:02]} Kc7 {[%emt 0:00:01]} 54. Ke7 {[%emt 0:00:06]} Re1+ {[%emt 0:00:02]} 55. Kf6 {[%emt 0:00:01]} Rf1+ {[%emt 0:00:01]} 56. Ke6 {[%emt 0:00:01]} Rf3 {[%emt 0:00:11]} 57. Rd5 {[%emt 0:00:07]} 1-0

[Event "RUS-chT Men Rapid 2019"]
[Site "Sochi"]
[Date "2019.10.19"]
[Round "6.25"]
[White "Zakaryan, David"]
[Black "Nozdrachev, Vladislav"]
[Result "0-1"]
[WhiteElo "2338"]
[BlackElo "2494"]
[Annotator "ChessBase"]
[PlyCount "99"]
[EventDate "2019.10.18"]
[EventType "swiss"]
[EventCountry "RUS"]
[SourceTitle "playchess.com"]
[Source "ChessBase"]
[SourceQuality "1"]
[TimeControl "900+10"]

1. d4 {[%emt 0:00:00]} Nf6 {[%emt 0:00:03]} 2. c4 {[%emt 0:00:01]} e6 {[%emt 0:00:02]} 3. Nf3 {[%emt 0:00:02]} b6 {[%emt 0:00:01]} 4. g3 {[%emt 0:00:10]} Ba6 {[%emt 0:00:02]} 5. Nbd2 {[%emt 0:00:11]} d5 {[%emt 0:00:13]} 6. Bg2 {[%emt 0:00:05]} Bd6 {[%emt 0:00:17]} 7. O-O {[%emt 0:00:20]} O-O {[%emt 0:00:04]} 8. Re1 {[%emt 0:00:12]} Nbd7 {[%emt 0:00:44]} 9. Qc2 {[%emt 0:00:59]} c5 {[%emt 0:00:18]} 10. e4 {[%emt 0:00:46]} dxe4 {[%emt 0:01:31]} 11. Nxe4 {[%emt 0:00:46]} Nxe4 {[%emt 0:00:02]} 12. Rxe4 {[%emt 0:00:12]} Nf6 {[%emt 0:00:10]} 13. Rh4 {[%emt 0:00:48]} Rc8 {[%emt 0:03:16]} 14. Ne5 {[%emt 0:03:01]} cxd4 {[%emt 0:00:31]} 15. Nc6 {[%emt 0:00:02]} Rxc6 {[%emt 0:00:48]} 16. Bxc6 {[%emt 0:00:01]} e5 {[%emt 0:00:02]} 17. Bg5 {[%emt 0:00:21]} h6 {[%emt 0:00:02]} 18. Bxf6 {[%emt 0:00:22]} Qxf6 {[%emt 0:00:02]} 19. Bd5 {[%emt 0:00:21]} Bc8 {[%emt 0:00:15]} 20. Qe2 {[%emt 0:01:24]} g5 {[%emt 0:01:23]} 21. Re4 {[%emt 0:00:02]} Bf5 {[%emt 0:00:55]} 22. Qf3 {[%emt 0:00:02]} Kg7 {[%emt 0:00:23]} 23. Ree1 {[%emt 0:00:32]} g4 {[%emt 0:00:03]} 24. Qd1 {[%emt 0:00:36]} Bb4 {[%emt 0:00:13]} 25. Rf1 {[%emt 0:00:53]} e4 {[%emt 0:00:14]} 26. a3 {[%emt 0:00:01]} Bd6 {[%emt 0:00:01]} 27. b4 {[%emt 0:00:01]} d3 {[%emt 0:00:40]} 28. Re1 {[%emt 0:00:42]} Re8 {[%emt 0:00:06]} 29. Ra2 {[%emt 0:00:14]} a5 {[%emt 0:00:13]} 30. bxa5 {[%emt 0:00:33]} bxa5 {[%emt 0:00:02]} 31. Rd2 {[%emt 0:00:17]} Qc3 {[%emt 0:00:43]} 32. Re3 {[%emt 0:00:14]} Re7 {[%emt 0:01:03]} 33. Bxe4 {[%emt 0:01:31]} Bxe4 {[%emt 0:00:10]} 34. Qxg4+ {[%emt 0:00:17]} Kf8 {[%emt 0:00:34]} 35. Rxe4 {[%emt 0:01:46]} Rxe4 {[%emt 0:00:11]} 36. Qxe4 {[%emt 0:00:12]} Qxd2 {[%emt 0:00:02]} 37. Qd4 {[%emt 0:00:16]} Qc1+ {[%emt 0:00:38]} 38. Kg2 {[%emt 0:00:02]} Qxa3 {[%emt 0:00:01]} 39. Qh8+ {[%emt 0:00:33]} Ke7 {[%emt 0:00:01]} 40. Qxh6 {[%emt 0:00:01]} Qc5 {[%emt 0:00:31]} 41. Qh4+ {[%emt 0:00:10]} Kd7 {[%emt 0:00:02]} 42. Qg4+ {[%emt 0:00:15]} Kc7 {[%emt 0:00:03]} 43. h4 {[%emt 0:00:31]} d2 {[%emt 0:00:04]} 44. h5 {[%emt 0:00:09]} Qc6+ {[%emt 0:00:02]} 45. Kh2 {[%emt 0:00:02]} Qa4 {[%emt 0:00:06]} 46. Qd4 {[%emt 0:00:14]} d1=Q {[%emt 0:00:12]} 47. Qa7+ {[%emt 0:00:02]} Kd8 {[%emt 0:00:01]} 48. Qa8+ {[%emt 0:00:03]} Kd7 {[%emt 0:00:05]} 49. Qa7+ {[%emt 0:00:16]} Bc7 {[%emt 0:00:02]} 50. Qc5 {[%emt 0:00:03]} 0-1

[Event "RUS-chT Men Rapid 2019"]
[Site "Sochi"]
[Date "2019.10.19"]
[Round "6.26"]
[White "Vakhlamov, Igor L."]
[Black "Nazaretyan, Tigran"]
[Result "0-1"]
[WhiteElo "2413"]
[BlackElo "2297"]
[Annotator "NA"]
[PlyCount "92"]
[EventDate "2019.10.18"]
[EventType "swiss"]
[EventCountry "RUS"]
[SourceTitle "playchess.com"]
[Source "ChessBase"]
[SourceQuality "1"]
[TimeControl "900+10"]

1. e4 {[%emt 0:00:00]} c5 {[%emt 0:00:00]} 2. Nf3 {[%emt 0:00:00]} Nc6 {[%emt 0:00:00]} 3. Bb5 {[%emt 0:00:00]} g6 {[%emt 0:00:00]} 4. Bxc6 {[%emt 0:00:04]} dxc6 {[%emt 0:00:00]} 5. d3 {[%emt 0:00:02]} Bg7 {[%emt 0:00:00]} 6. h3 {[%emt 0:00:01]} Nf6 {[%emt 0:00:00]} 7. Nc3 {[%emt 0:00:03]} Nd7 {[%emt 0:00:01]} 8. Be3 {[%emt 0:00:10]} e5 {[%emt 0:00:09]} 9. Qd2 {[%emt 0:00:31]} h6 {[%emt 0:00:02]} 10. O-O {[%emt 0:00:03]} Qe7 {[%emt 0:00:06]} 11. Nh2 {[%emt 0:00:07]} Nf8 {[%emt 0:00:03]} 12. f4 {[%emt 0:00:08]} exf4 {[%emt 0:00:01]} 13. Bxf4 {[%emt 0:00:01]} Ne6 {[%emt 0:00:01]} 14. Bg3 {[%emt 0:00:01]} h5 {[%emt 0:00:51]} 15. Rae1 {[%emt 0:01:50]} h4 {[%emt 0:01:29]} 16. Bf2 {[%emt 0:00:02]} Nd4 {[%emt 0:00:01]} 17. Nd5 {[%emt 0:05:01]} Qd6 {[%emt 0:00:39]} 18. Ne3 {[%emt 0:02:16]} Be6 {[%emt 0:03:11]} 19. c3 {[%emt 0:00:47]} Nb5 {[%emt 0:00:41]} 20. Nf5 {[%emt 0:02:39]} gxf5 {[%emt 0:00:48]} 21. exf5 {[%emt 0:00:01]} O-O-O {[%emt 0:01:10]} 22. fxe6 {[%emt 0:00:01]} fxe6 {[%emt 0:00:35]} 23. Qg5 {[%emt 0:01:28]} Bf8 {[%emt 0:02:49]} 24. Bxh4 {[%emt 0:00:51]} Bh6 {[%emt 0:00:04]} 25. Qe5 {[%emt 0:00:57]} Qxe5 {[%emt 0:00:30]} 26. Rxe5 {[%emt 0:00:01]} Rxd3 {[%emt 0:00:01]} 27. Rxe6 {[%emt 0:01:00]} Rd2 {[%emt 0:00:46]} 28. Ng4 {[%emt 0:00:38]} Bg7 {[%emt 0:00:23]} 29. Rf7 {[%emt 0:00:09]} Bxc3 {[%emt 0:00:21]} 30. bxc3 {[%emt 0:00:08]} Rxh4 {[%emt 0:00:01]} 31. c4 {[%emt 0:00:22]} Nd6 {[%emt 0:00:28]} 32. Rg7 {[%emt 0:00:29]} Nxc4 {[%emt 0:00:10]} 33. Re8+ {[%emt 0:00:15]} Rd8 {[%emt 0:00:03]} 34. Ree7 {[%emt 0:00:01]} Nd6 {[%emt 0:00:12]} 35. Ne5 {[%emt 0:00:24]} Rb4 {[%emt 0:00:12]} 36. Nd3 {[%emt 0:00:16]} Rb1+ {[%emt 0:00:02]} 37. Kh2 {[%emt 0:00:01]} Nf5 {[%emt 0:00:16]} 38. Rc7+ {[%emt 0:00:01]} Kb8 {[%emt 0:00:00]} 39. Rgd7 {[%emt 0:00:13]} Rxd7 {[%emt 0:00:12]} 40. Rxd7 {[%emt 0:00:01]} c4 {[%emt 0:00:06]} 41. Nc5 {[%emt 0:00:01]} c3 {[%emt 0:00:04]} 42. Ne6 {[%emt 0:00:43]} a5 {[%emt 0:00:12]} 43. Rd8+ {[%emt 0:00:08]} Ka7 {[%emt 0:00:03]} 44. Nc5 {[%emt 0:00:07]} c2 {[%emt 0:00:05]} 45. Nd3 {[%emt 0:00:00]} Rd1 {[%emt 0:00:03]} 46. g4 {[%emt 0:00:01]} Rxd3 {[%emt 0:00:04]} 0-1